Normal view
MARC view
- March, Jerry.
Entry Personal Name
001 - CONTROL NUMBER
- control field: 1256
003 - CONTROL NUMBER IDENTIFIER
- control field: NUST
005 - DATE AND TIME OF LATEST TRANSACTION
- control field: 20170522112459.0
008 - FIXED-LENGTH DATA ELEMENTS
- fixed length control field: 170522|| aca||aabn | a|a d
040 ## - CATALOGING SOURCE
- Original cataloging agency: NUST
- Transcribing agency: NUST
100 ## - HEADING--PERSONAL NAME
- Personal name: March, Jerry.
670 ## - SOURCE DATA FOUND
- Source citation: Work cat.: (NUST)0: March, Jerry., Advanced organic chemistry: , c1992.
